Distribution and ecology of small mammals in three rain forest localities of peninsula Malaysia with particular references to Kedah Peak (Registro nro. 10774)

Detalles MARC
000 -CABECERA
Campo de control 006680000a22002050004500
090 ## - CLASIFICACIÓN LOCAL
Colección AR
Consecutivo 01694
041 0# - IDIOMA
Código de idioma para texto/pista de sonido o título separado
100 1# - ASIENTO PRINCIPAL--NOMBRE PERSONAL
Nombre personal Langham, Nigel
245 10 - MENCION DE TITULO
Título Distribution and ecology of small mammals in three rain forest localities of peninsula Malaysia with particular references to Kedah Peak
650 14 - ASIENTO SECUNDARIO DE MATERIA - TERMINO TEMATICO
Término temático o nombre geográfico como elemento de entrada Evolución
650 14 - ASIENTO SECUNDARIO DE MATERIA - TERMINO TEMATICO
Término temático o nombre geográfico como elemento de entrada Distribución
650 14 - ASIENTO SECUNDARIO DE MATERIA - TERMINO TEMATICO
Término temático o nombre geográfico como elemento de entrada Densidad poblacional
650 14 - ASIENTO SECUNDARIO DE MATERIA - TERMINO TEMATICO
Término temático o nombre geográfico como elemento de entrada Mamíferos
651 #4 - ASIENTO SECUNDARIO DE MATERIA - NOMBRE GEOGRAFICO
-- Kedah
-- Malasia
653 ## - TERMINO DE INDIZACION - NO CONTROLADO
-- Tupaia
-- Tupaia glis
653 ## - TERMINO DE INDIZACION - NO CONTROLADO
-- Leopoldamys
-- Leopoldamys sabanus
653 ## - TERMINO DE INDIZACION - NO CONTROLADO
-- Maxonys
773 1# - Item fuente:
Título Biotropica
Especificación de materiales 9
Descripción física 3
Paginas del Articulo 199-206
Lugar, editorial y fecha de publicación 1983
Información sobre la relación 15
942 ## - ELEMENTOS ADICIONALES (KOHA)
Tipo de ítem Artículo
Existencias
Withdrawn status Lost status Damaged status No para préstamo Colección Ubicación Permanente Ubicación actual Fecha de adquisición Datos de publicación Seriada Total Checkouts Número topográfico Inventario / Código de Barras Date last seen Ejemplar Price effective from Forma de adquisición Tipo de material
      No para Préstamo Hemeroteca Bogotá Bogotá 27/02/2015 Fuera de circulación   AR 01694 012060 25/03/2015 1 25/03/2015   Artículo